Normal view
MARC view
- Shivanna,H
Entry Personal Name
001 - CONTROL NUMBER
- control field: 410
003 - CONTROL NUMBER IDENTIFIER
- control field: OSt
005 - DATE AND TIME OF LATEST TRANSACTION
- control field: 20160614124704.0
008 - FIXED-LENGTH DATA ELEMENTS
- fixed length control field: 160614|| aca||aabn | a|a d
040 ## - CATALOGING SOURCE
- Original cataloging agency: OSt
- Transcribing agency: OSt
100 ## - HEADING--PERSONAL NAME
- Personal name: Shivanna,H
670 ## - SOURCE DATA FOUND
- Source citation: Work cat.: (OSt): Shivanna,H, Engineering For Agricultural Drainage, 2013
